| 000 | 00608nam a22002177a 4500 | ||
|---|---|---|---|
| 005 | 20170124110146.0 | ||
| 010 | _a450631 | ||
| 020 | _c12.50 | ||
| 035 | _a450631 | ||
| 037 | _bCen Lib/Ret | ||
| 040 |
_aDPL _bEN |
||
| 082 |
_a630.954 _bSHR |
||
| 100 |
_aShrinivasan, M. _933467 |
||
| 245 |
_aA decade of agricultural development in India / _cby M.Shrinivasan |
||
| 260 |
_bM.R.Sinha _aBombay _c1965 |
||
| 270 |
_aJaiprakash Road _bBombay |
||
| 300 |
_a164p. _c19cm(Hb) |
||
| 650 |
_aAgriculture _915548 |
||
| 650 |
_aAgriculture and state _918334 |
||
| 942 |
_2ddc _cEN _h630.954 _mSHR |
||
| 999 |
_c132011 _d132011 |
||